| 000 | 00651nam a2200181 a 4500 | ||
|---|---|---|---|
| 005 | 20140414131851.0 | ||
| 008 | 100729s19uu xx 00 eng d | ||
| 020 | _a0027573818 | ||
| 050 |
_aM 599.74 _bL58 2002 |
||
| 100 | _aLewin, Ted | ||
| 245 |
_aTiger trek. / _cwritten and illustrated by Ted Lewin. |
||
| 250 | _a1st American ed. | ||
| 260 |
_aNew York ; London : _bCollier Macmillan ; Macmillan, _cc1990. |
||
| 520 | _aRiding on the back of an elephant, the author tours a wildlife park in India, observing the hunting behavior of a mother tiger. | ||
| 650 | _aTiger --Juvenile literature. | ||
| 650 | _aWildlife refuges. | ||
| 999 |
_c110173 _d110173 |
||